Gaming Quiz

Random Gaming or Pokémon Quiz

Pokémon Alphabet: C Quiz Stats

 Plays Quiz not verified by Sporcle

Support Sporcle.
Go Orange.
Score 0/208 Timer 20:00
0 Plays Today
Pokédex # Pokémon Name % Correct
004Charmander
100%
005Charmeleon
100%
006Charizard
100%
010Caterpie
97.9%
035Clefairy
97.9%
036Clefable
97.9%
047Parasect
97.9%
072Tentacool
97.9%
073Tentacruel
97.9%
142Aerodactyl
97.9%
144Articuno
97.9%
152Chikorita
97.9%
173Cleffa
97.9%
346Cradily
97.9%
025Pikachu
95.7%
026Raichu
95.7%
059Arcanine
95.7%
101Electrode
95.7%
104Cubone
95.7%
155Cyndaquil
95.7%
159Croconaw
95.7%
169Crobat
95.7%
172Pichu
95.7%
256Combusken
95.7%
341Corphish
95.7%
342Crawdaunt
95.7%
453Croagunk
95.7%
054Psyduck
93.6%
055Golduck
93.6%
066Machop
93.6%
067Machoke
93.6%
068Machamp
93.6%
071Victreebel
93.6%
091Cloyster
93.6%
102Exeggcute
93.6%
107Hitmonchan
93.6%
125Electabuzz
93.6%
170Chinchou
93.6%
251Celebi
93.6%
255Torchic
93.6%
318Carvanha
93.6%
323Camerupt
93.6%
331Cacnea
93.6%
344Claydol
93.6%
377Regirock
93.6%
390Chimchar
93.6%
466Electivire
93.6%
703Carbink
93.6%
719Diancie
93.6%
020Raticate
91.5%
083Farfetch'd
91.5%
123Scyther
91.5%
212Scizor
91.5%
272Ludicolo
91.5%
309Electrike
91.5%
310Manectric
91.5%
332Cacturne
91.5%
338Solrock
91.5%
366Clamperl
91.5%
454Toxicroak
91.5%
493Arceus
91.5%
546Cottonee
91.5%
558Crustle
91.5%
565Carracosta
91.5%
566Archen
91.5%
567Archeops
91.5%
609Chandelure
91.5%
637Volcarona
91.5%
213Shuckle
89.4%
222Corsola
89.4%
Pokédex # Pokémon Name % Correct
252Treecko
89.4%
254Sceptile
89.4%
266Silcoon
89.4%
268Cascoon
89.4%
356Dusclops
89.4%
369Relicanth
89.4%
378Regice
89.4%
385Jirachi
89.4%
417Pachirisu
89.4%
430Honchkrow
89.4%
448Lucario
89.4%
488Cresselia
89.4%
650Chespin
89.4%
652Chesnaught
89.4%
661Fletchling
89.4%
662Fletchinder
89.4%
701Hawlucha
89.4%
724Decidueye
89.4%
727Incineroar
89.4%
108Lickitung
87.2%
113Chansey
87.2%
164Noctowl
87.2%
245Suicune
87.2%
261Poochyena
87.2%
301Delcatty
87.2%
351Castform
87.2%
373Salamence
87.2%
401Kricketot
87.2%
402Kricketune
87.2%
408Cranidos
87.2%
415Combee
87.2%
420Cherubi
87.2%
421Cherrim
87.2%
441Chatot
87.2%
445Garchomp
87.2%
494Victini
87.2%
534Conkeldurr
87.2%
547Whimsicott
87.2%
563Cofagrigus
87.2%
613Cubchoo
87.2%
638Cobalion
87.2%
649Genesect
87.2%
674Pancham
87.2%
692Clauncher
87.2%
693Clawitzer
87.2%
726Torracat
87.2%
737Charjabug
87.2%
176Togetic
85.1%
204Pineco
85.1%
219Magcargo
85.1%
224Octillery
85.1%
308Medicham
85.1%
339Barboach
85.1%
340Whiscash
85.1%
370Luvdisc
85.1%
472Gliscor
85.1%
556Maractus
85.1%
559Scraggy
85.1%
560Scrafty
85.1%
614Beartic
85.1%
615Cryogonal
85.1%
688Binacle
85.1%
689Barbaracle
85.1%
721Volcanion
85.1%
744Rockruff
85.1%
214Heracross
83%
238Smoochum
83%
290Nincada
83%
352Kecleon
83%
358Chimecho
83%
Pokédex # Pokémon Name % Correct
433Chingling
83%
463Lickilicky
83%
545Scolipede
83%
580Ducklett
83%
586Sawsbuck
83%
593Jellicent
83%
607Litwick
83%
617Accelgor
83%
664Scatterbug
83%
678Meowstic
83%
739Crabrawler
83%
740Crabominable
83%
742Cutiefly
83%
745Lycanroc
83%
789Cosmog
83%
851Centiskorch
83%
864Cursola
83%
350Milotic
80.9%
530Excadrill
80.9%
589Escavalier
80.9%
733Toucannon
80.9%
741Oricorio
80.9%
797Celesteela
80.9%
813Scorbunny
80.9%
815Cinderace
80.9%
823Corviknight
80.9%
849Toxtricity
80.9%
865Sirfetch'd
80.9%
883Arctovish
80.9%
573Cinccino
78.7%
764Comfey
78.7%
790Cosmoem
78.7%
822Corvisquire
78.7%
839Coalossal
78.7%
881Arctozolt
78.7%
572Minccino
76.6%
806Blacephalon
76.6%
811Thwackey
76.6%
838Carkol
76.6%
880Dracozolt
76.6%
882Dracovish
76.6%
328Trapinch
74.5%
455Carnivine
74.5%
471Glaceon
74.5%
505Watchog
74.5%
845Cramorant
74.5%
852Clobbopus
74.5%
878Cufant
74.5%
888Zacian
74.5%
550Basculin
72.3%
756Shiinotic
72.3%
833Chewtle
72.3%
837Rolycoly
72.3%
853Grapploct
72.3%
879Copperajah
72.3%
206Dunsparce
70.2%
579Reuniclus
70.2%
868Milcery
70.2%
869Alcremie
70.2%
871Pincurchin
70.2%
875Eiscue
70.2%
800Necrozma
68.1%
827Nickit
68.1%
843Silicobra
66%
844Sandaconda
66%
446Munchlax
63.8%
897Spectrier
57.1%
898Calyrex
57.1%

You're not logged in!

Compare scores with friends on all Sporcle quizzes.
OR
Log In

From the Vault

Top 10 Cities of Mexico on a Map

by Ubbiebubbie

"Patria, Libertad, Trabajo, y Cultura"
Remove Ads.
Support Sporcle.
Get the best of Sporcle when you Go Orange. This ad-free experience offers more features, more stats, and more fun while also helping to support Sporcle. Thank you for becoming a member.

Show Comments

Extras

Created Feb 25, 2020ReportNominate
Tags:Pokémon Quiz

Top Quizzes Today


Score Distribution

Your Account Isn't Verified!

In order to create a playlist on Sporcle, you need to verify the email address you used during registration. Go to your Sporcle Settings to finish the process.

Report this User

Report this user for behavior that violates our Community Guidelines.

Details: